| 000 | 00761nam a2200229Ia 4500 | ||
|---|---|---|---|
| 005 | 20220608095206.0 | ||
| 008 | 210716s2012 xx 000 0 und d | ||
| 020 | _a9780749465087 | ||
| 040 | _cAIMIT LIBRARY | ||
| 041 | _aeng | ||
| 082 |
_a658.3124 _22 _bBROA |
||
| 100 |
_aBrockbank, Anne. _941018 |
||
| 245 |
_aFacilitating reflective learning : _bcoaching, mentoring and supervision / _cBy Anne Brockbank and Ian Mcgill. |
||
| 250 | _a2nd ed. | ||
| 260 |
_aNew Delhi : _bKogan Page , _c2012. |
||
| 300 |
_ax, 321p. ; _c23 cm. |
||
| 650 |
_aThe revised situational framework _941019 |
||
| 650 |
_aReflective dialogue and learning _941020 |
||
| 650 |
_aMentoring models _941021 |
||
| 700 |
_aMcgill, Ian. _941022 |
||
| 942 |
_2ddc _cBK _e2nd _k658.3124 BROA |
||
| 999 |
_c207763 _d207763 |
||